000 01048nam a2200289 i 4500
003 DO-SdBNP
005 20240626113314.0
007 ta
008 240626b1978 sp ||||| |||| 00| 0 spa d
020 _a8423938204 (v.3)
040 _aDO-SdBNP
_bspa
_cBNPHU
_erda
082 4 _222
100 _aEncina, Juan del,
_d1468-1529?
_915528
_eautor
245 1 0 _aObras completas /
_cJuan del encina ; introducción y notas Ana M. Rambaldo
264 _aMadrid :
_bEspasa-Calpe,
_c1978.
300 _avolumenes ;
_c19 cm.
336 _2rdacontent
_atexto
_btxt
337 _2rdamedia
_asin mediación
_bn
338 _2rdacarrier
_avolumen
_bnc
490 _aClásicos Castellanos
_v220
500 _aIncluye referencias bibliográficas y notas al pie de las páginas
500 _aPoemas de influjo. Trovadoresco-provenzal y popular. Romances. Glosas de canciones, Motes y Romances Villancicos.
590 _aInventariado, 2024/BT
700 _aRambaldo, Ana María,
_eedición, introducción y notas
_985840
910 _aBtavárez
942 _2ddc
_cLBS1
999 _c57015
_d57015